[Event "British Chess Championships 2023: AM Tournament U1900"]
[Site "The Venue, De Montfort University, 20 Western Boulevard, Leicester, LE2 7BU"]
[Date "2023.07.25"]
[Round "2"]
[Board "17"]
[White "Mottram, Paul"]
[Black "Colclough, Ryan"]
[Result "1-0"]
[WhiteElo "1642"]
[BlackElo "1795"]
[PlyCount "0"]
[EventDate "2023.07.24"]
[EventRounds "6"]
[EventCountry "ENG"]

1. d4 Nf6 2. c4 e6 3. Nc3 Bb4 4. e3 O-O 5. Bd3 d5 6. Nge2 c5 7. cxd5 cxd4 8. exd4
Nxd5 9. a3 Be7 10. O-O g6 11. Bh6 Re8 12. Qd2 Nc6 13. Bb5 a6 14. Bxc6 bxc6 15. Rfd1
Bb7 16. Na4 Rb8 17. Nc5 Bc8 18. b4 Rb5 19. Nc3 Nxc3 20. Qxc3 a5 21. Rab1 axb4 22.
axb4 Bf6 23. Ne4 Bh8 24. Qxc6 Bd7 25. Qc4 Rd5 26. Nc5 Bc8 27. b5 Bxd4 28. Nd3 Qb6
29. Qc6 Bd7 30. Qc4 Rc8 31. Qa2 Bxb5 32. Rdc1 Rxc1+ 33. Rxc1 Bxd3 34. Rc8+ Rd8 35.
Rxd8+ Qxd8 36. Qd2 Bg7 37. Be3 Bf6 38. h3 Ba6 39. Qc2 Qd3 40. Qc1 Kg7 41. Bh6+ Kg8
42. Qf4 Qd8 43. Qa4 Be2 44. Kh2 Be5+ 45. g3 f6 46. Qc6 Bd6 47. Qb7 Qc7 48. Qa8+ Qb8
49. Qa2 Bg4 50. hxg4 Kf7 51. Qa6 g5 52. Qd3 Kg8 53. Qe4 Be5 54. Qc6 Bd6 55. Qd7 f5
56. Qxe6+ Kh8 57. Qf6+  1-0

[Event "British Chess Championships 2023: AM Tournament U1900"]
[Site "The Venue, De Montfort University, 20 Western Boulevard, Leicester, LE2 7BU"]
[Date "2023.07.25"]
[Round "2"]
[Board "18"]
[White "Daly, Grant"]
[Black "Peer, Musa"]
[Result "0-1"]
[WhiteElo "1596"]
[BlackElo "1791"]
[PlyCount "0"]
[EventDate "2023.07.24"]
[EventRounds "6"]
[EventCountry "ENG"]

1. d4 Nf6 2. c4 e6 3. Nc3 d5 4. cxd5 exd5 5. Bg5 Be7 6. e3 Bf5 7. Bxf6 Bxf6 8. Qb3
c6 9. Qxb7 Qb6 10. Qxb6 axb6 11. Nf3 Nd7 12. Be2 O-O 13. O-O Ra7 14. Rfc1 Rfa8 15.
Bd1 b5 16. Bb3 Nb6 17. Nd1 Nc4 18. a3 b4 19. Bxc4 dxc4 20. Rxc4 bxa3 21. Rxa3 Rxa3
22. bxa3 Rxa3 23. Rc1 Kf8 24. h3 Ke7 25. Nc3 Be6 26. Ne4 Bd5 27. Nxf6 gxf6 28. Nh4
Kd7 29. g4 Rb3 30. Kh2 Ra3 31. Ng2 Bxg2 32. Kxg2 Ra5 33. Kg3 Kd6 34. Kf4 Rb5 35.
h4 h6 36. h5 Rb4 37. Ra1 c5 38. Ra6+ Ke7 39. Kf5 cxd4 40. exd4 Rxd4 41. f4 Rb4 42.
Ra5 Kf8 43. Kxf6 Rxf4+ 44. Rf5 Rxg4 45. Ra5 Rf4+ 46. Ke5 Rf1 47. Ra6 Kg7 48. Ke4
Rh1 49. Ra5 Rh4+ 50. Kf3 Kf6 51. Kg3 Re4 52. Kf3 Re5 53. Ra6+ Kg5 54. Ra7 f6 55.
Rf7 Rf5+ 56. Kg3 Kxh5  0-1

[Event "British Chess Championships 2023: AM Tournament U1900"]
[Site "The Venue, De Montfort University, 20 Western Boulevard, Leicester, LE2 7BU"]
[Date "2023.07.25"]
[Round "2"]
[Board "19"]
[White "Tomy, Jeff"]
[Black "Zigmond, Andrew"]
[Result "1-0"]
[WhiteElo "1791"]
[BlackElo "1647"]
[PlyCount "0"]
[EventDate "2023.07.24"]
[EventRounds "6"]
[EventCountry "ENG"]

1. d4 Nf6 2. c4 g6 3. f3 Bg7 4. e4 d6 5. Nc3 O-O 6. Be3 e5 7. d5 Na6 8. Nge2 Qe8
9. h4 Nh5 10. g4 Nf6 11. h5 Nd7 12. Qd2 Ndc5 13. Ng3 f5 14. hxg6 f4 15. gxh7+ Kh8
16. Bxc5 fxg3 17. Be3 Rxf3 18. Bg2 Rf8 19. g5 Bg4 20. Ne2 Bf3 21. Nxg3 Bxg2 22. Qxg2
Nb4 23. Qd2 a5 24. Nf5 Qg6 25. a3 Na6 26. O-O-O Nc5 27. Bxc5 dxc5 28. Rdg1 Rxf5 29.
exf5 Qxf5 30. Qe3 b6 31. Rf1 Qg4 32. b3 a4 33. Rhg1 Qd7 34. g6 axb3 35. Qxb3 Qa4
36. Rg3 Qxb3 37. Rxb3 Ra4 38. Rbf3 Rxc4+ 39. Kb1 Rf4 40. Rxf4 exf4 41. Rxf4 Bh6 42.
Re4  1-0

[Event "British Chess Championships 2023: AM Tournament U1900"]
[Site "The Venue, De Montfort University, 20 Western Boulevard, Leicester, LE2 7BU"]
[Date "2023.07.25"]
[Round "2"]
[Board "20"]
[White "Judd, Ian P"]
[Black "Yi, Louis"]
[Result "1/2-1/2"]
[WhiteElo "1780"]
[BlackElo "1443"]
[PlyCount "0"]
[EventDate "2023.07.24"]
[EventRounds "6"]
[EventCountry "ENG"]

1. c4 c6 2. Nf3 Nf6 3. g3 d5 4. Bg2 g6 5. O-O Bg7 6. Na3 O-O 7. d3 Nbd7 8. Rb1 a5
9. b4 axb4 10. Rxb4 dxc4 11. dxc4 Ne4 12. Qc2 Ndf6 13. Nh4 Nd6 14. c5 Nf5 15. Nxf5
Bxf5 16. e4 Bc8 17. Nc4 Nd7 18. Rd1 Qc7 19. Bf4 e5 20. Be3 Rd8 21. Nd6 Bf8 22. Bg5
Qa5 23. Qc4 Bxd6 24. cxd6 Re8 25. Rc1 Nb6 26. Qc3 Kg7 27. Be7 Be6 28. h4 Rab8 29.
Rxb6 Qxb6 30. Qxe5+ Kg8 31. h5 Qb5 32. Rc5 Qb1+ 33. Kh2 Qd1 34. f3 Qd2 35. Bg5 f6
36. Qxe6+ Rxe6 37. Bxd2 Rd8 38. Bf4 g5 39. Bh3 Ree8 40. d7 Re7 41. Bc7 Rdxd7 42.
Bxd7 Rxd7 43. Ba5 Rd3 44. Bc3 Rxf3 45. Kg2 Re3 46. Bxf6 Rxe4 47. Bxg5 Re2+ 48. Kf3
Rxa2 49. Rf5 Kg7 50. h6+ Kg6 51. g4 Ra1 52. Kg3 Rg1+ 53. Kh3 b5 54. Kh4 Rh1+ 55.
Kg3 Rg1+ 56. Kh4  1/2-1/2

[Event "British Chess Championships 2023: AM Tournament U1900"]
[Site "The Venue, De Montfort University, 20 Western Boulevard, Leicester, LE2 7BU"]
[Date "2023.07.25"]
[Round "2"]
[Board "21"]
[White "Nargund, Sujan"]
[Black "Whittington, Reece W"]
[Result "1/2-1/2"]
[WhiteElo "1564"]
[BlackElo "1766"]
[PlyCount "0"]
[EventDate "2023.07.24"]
[EventRounds "6"]
[EventCountry "ENG"]

1. e4 e6 2. d4 d5 3. Nd2 Nf6 4. e5 Nfd7 5. f4 c5 6. c3 Nc6 7. Ndf3 f6 8. exf6 Nxf6
9. Bb5 Bd7 10. Bxc6 Bxc6 11. Ne5 Qb6 12. Ngf3 cxd4 13. Nxd4 Bc5 14. Nexc6 bxc6 15.
Qe2 O-O 16. Be3 Rae8 17. b4 Bxd4 18. Bxd4 Qc7 19. Be5 Qd7 20. O-O  1/2-1/2

[Event "British Chess Championships 2023: AM Tournament U1900"]
[Site "The Venue, De Montfort University, 20 Western Boulevard, Leicester, LE2 7BU"]
[Date "2023.07.25"]
[Round "2"]
[Board "22"]
[White "Veeturi, Yashvardhan"]
[Black "Farrar, Gordon"]
[Result "0-1"]
[WhiteElo "1361"]
[BlackElo "1759"]
[PlyCount "0"]
[EventDate "2023.07.24"]
[EventRounds "6"]
[EventCountry "ENG"]

1. e4 e5 2. Nf3 Nc6 3. d4 exd4 4. Nxd4 g6 5. Be3 Bg7 6. Qd2 Nf6 7. f3 d6 8. Nc3 O-O
9. O-O-O Nxd4 10. Bxd4 Be6 11. g4 c5 12. Be3 Qa5 13. Qxd6 Nxe4 14. fxe4 Bxc3 15.
Qxc5 Bxb2+ 16. Kxb2 Qxa2+ 17. Kc1 Rac8 18. Bc4 Bxc4 19. Qxa7 Ba6 20. Bc5 Qa1+ 21.
Kd2 Qa5+ 22. Ke3 Rxc5 23. Rc1 Qc3+ 24. Kf2 Qd2+ 25. Kg3 Rc3+ 26. Kh4 Qh6#  0-1

[Event "British Chess Championships 2023: AM Tournament U1900"]
[Site "The Venue, De Montfort University, 20 Western Boulevard, Leicester, LE2 7BU"]
[Date "2023.07.25"]
[Round "2"]
[Board "23"]
[White "Coleman, Frederick"]
[Black "Morris, Simon"]
[Result "1/2-1/2"]
[WhiteElo "1850"]
[BlackElo "1604"]
[PlyCount "0"]
[EventDate "2023.07.24"]
[EventRounds "6"]
[EventCountry "ENG"]

1. d4 d5 2. Bf4 c5 3. c3 Nc6 4. e3 Bf5 5. Bd3 Bxd3 6. Qxd3 e6 7. Nf3 Qb6 8. Qc2 Rc8
9. O-O Nf6 10. h3 Be7 11. Qb3 c4 12. Qc2 O-O 13. Nbd2 Qd8 14. b3 b5 15. a4 b4 16.
bxc4 bxc3 17. Qxc3 dxc4 18. Qxc4 a5 19. Rfc1 Ne5 20. Qb5 Nxf3+ 21. Nxf3 Bb4 22. Bg5
Qd5 23. Qxd5 Nxd5 24. Ne1 Rc3 25. Rxc3 Bxc3 26. Rc1 Bd2 27. Rd1 Bc3 28. Nd3 Nb6 29.
Nc5 Rc8 30. Bf4 Bb4 31. Rc1 Nxa4 32. Nd3 Rxc1+ 33. Nxc1 Nc3 34. Nd3 Ne2+ 35. Kf1
Nxf4 36. Nxf4 a4 37. Nd3 Bc3 38. Nc1 a3 39. Ke2 Bb2 40. Na2 Kf8 41. Kd3 Ke7 42. Kc4
Kd6 43. Nb4 Bc1 44. Na2 Bd2 45. e4 Be1 46. f3 Bf2 47. Nc3 Kc6 48. d5+ exd5+ 49. exd5+
Kd7 50. Kb3 Bc5 51. Kc4 Bd6 52. g4  1/2-1/2

[Event "British Chess Championships 2023: AM Tournament U1900"]
[Site "The Venue, De Montfort University, 20 Western Boulevard, Leicester, LE2 7BU"]
[Date "2023.07.25"]
[Round "2"]
[Board "24"]
[White "Willoughby, Christopher"]
[Black "Mathur, Pranav"]
[Result "1/2-1/2"]
[WhiteElo "1794"]
[BlackElo "1662"]
[PlyCount "0"]
[EventDate "2023.07.24"]
[EventRounds "6"]
[EventCountry "ENG"]

1. e4 c5 2. Nf3 Nc6 3. c3 Nf6 4. Qc2 e6 5. Be2 d5 6. exd5 Nxd5 7. d3 Qc7 8. O-O Be7
9. Bg5 Bxg5 10. Nxg5 Bd7 11. Na3 a6 12. Ne4 Ne5 13. Nxc5 Qxc5 14. d4 Qc7 15. dxe5
Qxe5 16. Bf3 Bc6 17. Nc4 Qc7 18. Bxd5 Bxd5 19. Ne3 Bc6 20. Rad1 O-O 21. Rd2 b5 22.
Rfd1 Rac8 23. Qd3 a5 24. Qd6 Qb7 25. Qg3 Qe7 26. Rd6 Rfd8 27. h3 h6 28. Qe5 Rxd6
29. Rxd6 Qc7 30. Qd4 Kf8 31. Qc5 Qe7 32. Qe5 Ke8 33. Rd2 f6 34. Qh5+ Qf7 35. Qxf7+
Kxf7 36. f3 f5 37. Kf2 Kf6 38. f4 g5 39. g3 Be4 40. Rd6 b4 41. cxb4 axb4 42. Rd4
Ra8 43. Rxb4 Rxa2 44. Nd1 Ba8 45. Nc3 Ra1 46. fxg5+ hxg5 47. h4 Rh1 48. hxg5+ Kxg5
49. Rb8 Bd5 50. Nxd5 exd5 51. b4 Rb1 52. b5 Kf6 53. b6 Ke5 54. b7 Kd4 55. Ke1 Rb2
56. Kf1 Rb6 57. Rf8 Rxb7 58. Rxf5 Ke4 59. Rf4+ Ke3 60. Rf8 d4 61. Re8+ Kf3 62. Ke1
Rb2 63. Kd1 Rg2 64. Re7 Rxg3 65. Kd2 Kf4 66. Re8 Ra3 67. Rf8+  1/2-1/2

[Event "British Chess Championships 2023: AM Tournament U1900"]
[Site "The Venue, De Montfort University, 20 Western Boulevard, Leicester, LE2 7BU"]
[Date "2023.07.25"]
[Round "2"]
[Board "25"]
[White "Homer, Neil S"]
[Black "O'gorman, Brendan"]
[Result "1/2-1/2"]
[WhiteElo "1648"]
[BlackElo "1779"]
[PlyCount "0"]
[EventDate "2023.07.24"]
[EventRounds "6"]
[EventCountry "ENG"]

1. e4 c5 2. Nc3 e6 3. f4 d5 4. Nf3 dxe4 5. Nxe4 Nc6 6. Bb5 Bd7 7. O-O Be7 8. Rb1
Nh6 9. b3 O-O 10. Bb2 Nf5 11. Re1 Nfd4 12. Nxd4 Nxd4 13. Bxd7 Qxd7 14. Kh1 Rad8 15.
d3 Qc6 16. Bxd4 Rxd4 17. Rf1 f5 18. Nc3 a6  1/2-1/2

[Event "British Chess Championships 2023: AM Tournament U1900"]
[Site "The Venue, De Montfort University, 20 Western Boulevard, Leicester, LE2 7BU"]
[Date "2023.07.25"]
[Round "2"]
[Board "26"]
[White "Smith, Andrew Pe"]
[Black "Merchant, Steve"]
[Result "1/2-1/2"]
[WhiteElo "1761"]
[BlackElo "1641"]
[PlyCount "0"]
[EventDate "2023.07.24"]
[EventRounds "6"]
[EventCountry "ENG"]

1. d4 d5 2. c4 c6 3. Nf3 Nf6 4. Nc3 a6 5. c5 Bf5 6. Qb3 Qc7 7. Bf4 Qxf4 8. Qxb7 g6
9. e3 Qh6 10. Qxa8 Nfd7 11. Ne5 Bg7 12. Nxd7 Kxd7 13. Qb7+ Ke6 14. Bxa6 Qg5 15. g3
Qg4 16. Be2 Qh3 17. Bf1 Qg4 18. Bg2 Bd3 19. Bxd5+ Kf5 20. h3 Qg5 21. g4+ Kf6 22.
e4 Bh6 23. Rd1 Bc2 24. O-O Bxd1 25. f4 Qh4 26. g5+ Kg7 27. Kh2 Bg4 28. Qxe7 Qxh3+
29. Kg1  1/2-1/2

[Event "British Chess Championships 2023: AM Tournament U1900"]
[Site "The Venue, De Montfort University, 20 Western Boulevard, Leicester, LE2 7BU"]
[Date "2023.07.25"]
[Round "2"]
[Board "28"]
[White "Rao, Shree"]
[Black "Mottram-Epson, Peter A"]
[Result "1-0"]
[WhiteElo "1599"]
[BlackElo "1707"]
[PlyCount "0"]
[EventDate "2023.07.24"]
[EventRounds "6"]
[EventCountry "ENG"]

1. e4 d5 2. exd5 Nf6 3. Nf3 Bf5 4. d4 c6 5. dxc6 Nxc6 6. Nc3 e6 7. Bd3 Bg4 8. Be3
a6 9. O-O Bd6 10. h3 Bh5 11. Be2 Bg6 12. Nh4 Qc7 13. Nxg6 hxg6 14. Bf3 Bf4 15. Bxf4
Qxf4 16. Ne2 Qg5 17. Bxc6+ bxc6 18. Ng3 Qb5 19. b3 g5 20. c4 Qb8 21. Qf3 Rh4 22.
Qxc6+ Kf8 23. Qc5+ Kg8 24. Qxg5 Rxd4 25. Nh5 Nxh5 26. Qxh5 Qb6 27. Rad1 Rf4 28. Qe5
Rf5 29. Qe4 Re8 30. Qd4 Qa5 31. Rd2 Rg5 32. Rfd1 Qf5 33. Qe3 Qg6 34. Qf3 e5 35. Rd8
Rxd8 36. Rxd8+ Kh7 37. g3 e4 38. Qe3 Rh5 39. Kg2 Qe6 40. g4 Rh4 41. Rd5 g6 42. Kg3
Rh6 43. f3 Kg7 44. Qxe4 Qc8 45. Qd4+ Kh7 46. Qf6  1-0

[Event "British Chess Championships 2023: AM Tournament U1900"]
[Site "The Venue, De Montfort University, 20 Western Boulevard, Leicester, LE2 7BU"]
[Date "2023.07.25"]
[Round "2"]
[Board "29"]
[White "Collins, Nigel"]
[Black "Di Cicco, Louis"]
[Result "0-1"]
[WhiteElo "1496"]
[BlackElo "1677"]
[PlyCount "0"]
[EventDate "2023.07.24"]
[EventRounds "6"]
[EventCountry "ENG"]

1. c4 Nf6 2. Nc3 g6 3. g3 Bg7 4. Bg2 O-O 5. e4 d6 6. Nge2 Nc6 7. O-O e5 8. d3 h6
9. h3 Nh7 10. f4 exf4 11. gxf4 Qh4 12. Kh2 Nf6 13. Rf3 Nh5 14. Ng3 Bg4 15. Nxh5 Bxh5
16. Be3 Nd4 17. Bf2 Nxf3+ 18. Qxf3 Bxf3 19. Bxh4 Bxg2 20. Kxg2 a6 21. Nd5 c6 22.
Nb6 Ra7 23. Nd7 Re8 24. Nf6+ Bxf6 25. Bxf6 b5 26. b3 bxc4 27. bxc4 Rb7 28. Rf1 d5
29. cxd5 cxd5 30. e5 Rb2+ 31. Rf2 Rxf2+ 32. Kxf2 Rc8 33. Ke3 Kf8 34. Kd4 Ke8 35.
Kxd5 Kd7 36. Bh4 Rc3 37. Kd4 Ra3 38. Be1 Rxa2 39. Kc4 Re2 40. Bb4 Rh2 41. d4 Rxh3
42. d5 Rf3 43. Bd2 h5 44. Kd4 h4 45. Ke4 Rf2 46. Ke3 Rxd2 47. Kxd2 h3 48. d6 h2 49.
e6+ fxe6  0-1

[Event "British Chess Championships 2023: AM Tournament U1900"]
[Site "The Venue, De Montfort University, 20 Western Boulevard, Leicester, LE2 7BU"]
[Date "2023.07.26"]
[Round "3"]
[Board "1"]
[White "Acharya, Kandara"]
[Black "Honey, Luke"]
[Result "0-1"]
[WhiteElo "1783"]
[BlackElo "1897"]
[PlyCount "0"]
[EventDate "2023.07.24"]
[EventRounds "6"]
[EventCountry "ENG"]

1. c4 e5 2. g3 d5 3. cxd5 Qxd5 4. Nf3 Nc6 5. Nc3 Qd8 6. Bg2 Bd6 7. O-O Bg4 8. Qb3
Nge7 9. Ng5 O-O 10. Qc4 Bf5 11. d3 h6 12. Nge4 Be6 13. Qa4 f5 14. Nxd6 cxd6 15. e4
f4 16. Bd2 f3 17. Bh1 Bh3 18. Rfe1 Ng6 19. Qd1 Qf6 20. Nd5 Qf7 21. Be3 Nh4 22. Qb3
Kh8 23. Rac1 Ng2 24. Qd1 Qh5 25. Qd2 Rf7 26. b4 Raf8 27. b5 Nxe3 28. bxc6 Ng4 29.
Ne3 Nxh2 30. Nf5 Bxf5 31. exf5 Rxf5 32. cxb7 Ng4  0-1

[Event "British Chess Championships 2023: AM Tournament U1900"]
[Site "The Venue, De Montfort University, 20 Western Boulevard, Leicester, LE2 7BU"]
[Date "2023.07.26"]
[Round "3"]
[Board "2"]
[White "Macqueen, Andrew"]
[Black "Vyas, Alisha"]
[Result "0-1"]
[WhiteElo "1759"]
[BlackElo "1878"]
[PlyCount "0"]
[EventDate "2023.07.24"]
[EventRounds "6"]
[EventCountry "ENG"]

1. e4 c5 2. Nf3 d6 3. d4 cxd4 4. Nxd4 Nf6 5. Nc3 g6 6. Be3 Bg7 7. f3 Nc6 8. Qd2 O-O
9. O-O-O Nxd4 10. Bxd4 Be6 11. g4 Qa5 12. Kb1 Rfc8 13. Nd5 Qxd2 14. Nxf6+ Bxf6 15.
Rxd2 Bxd4 16. Rxd4 Rc5 17. Be2 Rac8 18. c3 Ra5 19. a3 Rac5 20. h4 h6 21. Rhd1 Bb3
22. R1d2 R8c7 23. f4 Kg7 24. Rb4 Bc4 25. Bxc4 Rxc4 26. Rd4 R4c5 27. Rd5 Rxd5 28.
exd5 Kf6 29. Re4 h5 30. g5+ Kf5 31. Rd4 Kg4 32. f5+ Kxf5 33. Kc2 f6 34. gxf6 exf6
35. Kd3 g5 36. c4 g4 37. Ke3 Re7+ 38. Kd3 g3 39. Kc3 g2 40. Rd1 Rg7 41. Rg1 Kf4 42.
b4 Kf3 43. c5 dxc5 44. bxc5 Kf2 45. Rxg2+ Kxg2 46. d6 f5 47. Kd4 f4  0-1

[Event "British Chess Championships 2023: AM Tournament U1900"]
[Site "The Venue, De Montfort University, 20 Western Boulevard, Leicester, LE2 7BU"]
[Date "2023.07.26"]
[Round "3"]
[Board "3"]
[White "Horlock, Peter J"]
[Black "Willoughby, Andrew P"]
[Result "1-0"]
[WhiteElo "1628"]
[BlackElo "1797"]
[PlyCount "0"]
[EventDate "2023.07.24"]
[EventRounds "6"]
[EventCountry "ENG"]

1. e4 c6 2. d4 d5 3. exd5 Qxd5 4. Nc3 Qd8 5. Nf3 Bf5 6. Be3 e6 7. a3 Nd7 8. Bd3 Bxd3
9. Qxd3 Ngf6 10. O-O h6 11. Ne4 Nxe4 12. Qxe4 Nf6 13. Qd3 Bd6 14. c4 c5 15. Rad1
cxd4 16. Bxd4 O-O 17. Bxf6 Bxh2+ 18. Kxh2 Qxf6 19. Qd4 Qxd4 20. Rxd4 f6 21. b4 b6
22. Rd7 Rfc8 23. Nd4 e5 24. Nf5 Rxc4 25. Rxg7+ Kf8 26. Rh7 Kg8 27. Rxh6 Rc3 28. Rd1
Rxa3 29. Rd7  1-0

[Event "British Chess Championships 2023: AM Tournament U1900"]
[Site "The Venue, De Montfort University, 20 Western Boulevard, Leicester, LE2 7BU"]
[Date "2023.07.26"]
[Round "3"]
[Board "4"]
[White "Gartside, Carl"]
[Black "Westcott, Dale"]
[Result "1-0"]
[WhiteElo "1895"]
[BlackElo "1676"]
[PlyCount "0"]
[EventDate "2023.07.24"]
[EventRounds "6"]
[EventCountry "ENG"]

1. d4 d5 2. Nf3 Nf6 3. c4 c6 4. Qc2 e6 5. g3 Nbd7 6. Bg2 dxc4 7. Qxc4 Qa5+ 8. Bd2
Qd5 9. Qc2 Nb6 10. Nc3 Qd8 11. O-O Be7 12. e4 O-O 13. Rad1 Nc4 14. Bc1 b6 15. Qe2
b5 16. d5 exd5 17. exd5 cxd5 18. b3 Nb6 19. Nxb5 Ba6 20. Nfd4 Bc5 21. a4 Re8 22.
Qf3 Ne4 23. Bb2 Qg5 24. h4 Qf6 25. Qd3 Nd6 26. Rc1 Rac8 27. Rc2 Qe7 28. Rfc1 Bxd4
29. Bxd4 Rxc2 30. Rxc2 Qe1+ 31. Kh2 Qb1 32. Qd2 Bxb5 33. axb5 Qxb3 34. Qg5 f6 35.
Bxf6 Nf5 36. Rc7 h6 37. Qxf5  1-0

[Event "British Chess Championships 2023: AM Tournament U1900"]
[Site "The Venue, De Montfort University, 20 Western Boulevard, Leicester, LE2 7BU"]
[Date "2023.07.26"]
[Round "3"]
[Board "5"]
[White "Farrar, Gordon"]
[Black "Reghu, Jyothika Ullukaranparambil"]
[Result "0-1"]
[WhiteElo "1759"]
[BlackElo "1833"]
[PlyCount "0"]
[EventDate "2023.07.24"]
[EventRounds "6"]
[EventCountry "ENG"]

1. e4 Nf6 2. e5 Nd5 3. d4 d6 4. Nf3 g6 5. Bc4 c6 6. O-O Bg7 7. Bb3 O-O 8. c4 Nb6
9. Bf4 Bg4 10. Nbd2 c5 11. exd6 exd6 12. Ne4 Bxd4 13. Nxd6 Qf6 14. Bg3 Rd8 15. Ne4
Qc6 16. Qc2 Bxf3 17. gxf3 N8d7 18. a4 a5 19. Rad1 f5 20. Rxd4 cxd4 21. c5+ Nd5 22.
Nd6 Nxc5 23. Nxf5 gxf5 24. Ba2 f4 25. Bh4 Qg6+ 26. Qxg6+ hxg6 27. Bxd8 Rxd8 28. Rd1
 0-1

[Event "British Chess Championships 2023: AM Tournament U1900"]
[Site "The Venue, De Montfort University, 20 Western Boulevard, Leicester, LE2 7BU"]
[Date "2023.07.26"]
[Round "3"]
[Board "6"]
[White "Morris, Nigel W"]
[Black "Coward, Neil"]
[Result "0-1"]
[WhiteElo "1596"]
[BlackElo "1800"]
[PlyCount "0"]
[EventDate "2023.07.24"]
[EventRounds "6"]
[EventCountry "ENG"]

1. c4 c5 2. Nf3 Nc6 3. d4 cxd4 4. Nxd4 g6 5. e4 d6 6. Nc2 Nf6 7. Nc3 Bg7 8. Be2 O-O
9. Be3 Bd7 10. f3 Rc8 11. Qd2 Ne5 12. b3 Nc6 13. Rc1 Qa5 14. O-O Ng4 15. b4 Qe5 16.
fxg4 Qxc3 17. Qxc3 Bxc3 18. b5 Ne5 19. Nd4 Bxd4 20. Bxd4 Bxg4 21. Bxg4 Nxg4 22. Bxa7
Ra8 23. Bb6 Rxa2 24. Bd4 Rfa8 25. c5 dxc5 26. Rxc5 Rd8 27. Bc3 Ne3 28. Re1 Nxg2 29.
Ra1 Rxa1+ 30. Bxa1 Nf4  0-1

[Event "British Chess Championships 2023: AM Tournament U1900"]
[Site "The Venue, De Montfort University, 20 Western Boulevard, Leicester, LE2 7BU"]
[Date "2023.07.26"]
[Round "3"]
[Board "7"]
[White "Peer, Musa"]
[Black "Tomy, Jeff"]
[Result "0-1"]
[WhiteElo "1791"]
[BlackElo "1791"]
[PlyCount "0"]
[EventDate "2023.07.24"]
[EventRounds "6"]
[EventCountry "ENG"]

1. e4 c5 2. Nf3 Nc6 3. d4 cxd4 4. Nxd4 Nf6 5. Nc3 e5 6. Ndb5 d6 7. Nd5 Nxd5 8. exd5
Ne7 9. c4 Nf5 10. Bd3 Be7 11. O-O O-O 12. f4 Qb6+ 13. Kh1 Ne3 14. Bxe3 Qxe3 15. Qc2
e4 16. Bxe4 f5 17. Bd3 Qc5 18. Rae1 Bh4 19. Re2 Bd7 20. b4 Qxb4 21. Nc7 Rab8 22.
Ne6 Ba4 23. Qc1 Rf7 24. Qe3 g6 25. Qh3 Bf6 26. g4 fxg4 27. Qxg4 Bd7 28. f5 Bg7 29.
fxg6 Rxf1+ 30. Kg2 Qc3 31. Kxf1 Qxd3 32. gxh7+ Qxh7 33. Rg2 Rf8+ 34. Ke2 Bxe6 35.
dxe6 Qc2+ 36. Ke3 Qc3+ 37. Ke2 Qe5+ 38. Kd1 Re8 39. Re2 Qd4+ 40. Qxd4 Bxd4 41. Kc2
Be5 42. c5 Rc8 43. Rf2 Rxc5+ 44. Kd3 Rc3+ 45. Ke4 Rc4+ 46. Kf5 Kf8 47. h4 Ke7 48.
h5 Rc8 49. Kg6 Rg8+  0-1

[Event "British Chess Championships 2023: AM Tournament U1900"]
[Site "The Venue, De Montfort University, 20 Western Boulevard, Leicester, LE2 7BU"]
[Date "2023.07.26"]
[Round "3"]
[Board "8"]
[White "Khan, Mohammed"]
[Black "Mottram, Paul"]
[Result "1/2-1/2"]
[WhiteElo "1873"]
[BlackElo "1642"]
[PlyCount "0"]
[EventDate "2023.07.24"]
[EventRounds "6"]
[EventCountry "ENG"]

1. e4 c6 2. d4 d5 3. e5 Bf5 4. h4 h5 5. Bd3 Bxd3 6. Qxd3 e6 7. Nf3 Ne7 8. Be3 Nf5
9. Nbd2 Nd7 10. Bg5 Qb6 11. O-O c5 12. c3 Be7 13. g3 O-O 14. Bxe7 Nxe7 15. a4 a5
16. Ng5 g6 17. Rfe1 cxd4 18. cxd4 Rac8 19. Ndf3 Rc7 20. Rac1 Rfc8 21. Qd2  1/2-1/2

[Event "British Chess Championships 2023: AM Tournament U1900"]
[Site "The Venue, De Montfort University, 20 Western Boulevard, Leicester, LE2 7BU"]
[Date "2023.07.26"]
[Round "3"]
[Board "9"]
[White "Li, Xiaofan"]
[Black "Clegg, Robert"]
[Result "1/2-1/2"]
[WhiteElo "1673"]
[BlackElo "1860"]
[PlyCount "0"]
[EventDate "2023.07.24"]
[EventRounds "6"]
[EventCountry "ENG"]

1. e4 e6 2. d4 d5 3. exd5 exd5 4. Nf3 Bd6 5. h3 Bf5 6. Bd3 Bg6 7. O-O Ne7 8. Re1
Nbc6 9. c3 Qd7 10. b4 O-O 11. Bg5 Bxd3 12. Qxd3 Ng6 13. Nbd2 Rfe8 14. Nf1 Nce7 15.
Ne3 c6 16. Ng4 Qf5 17. Qd2 Kf8 18. Ne3 Qd7 19. Ng4 Nf5 20. Ne3 h6 21. Qd3  1/2-1/2

[Event "British Chess Championships 2023: AM Tournament U1900"]
[Site "The Venue, De Montfort University, 20 Western Boulevard, Leicester, LE2 7BU"]
[Date "2023.07.26"]
[Round "3"]
[Board "10"]
[White "Di Cicco, Louis"]
[Black "Lawrence, Spencer"]
[Result "1/2-1/2"]
[WhiteElo "1677"]
[BlackElo "1849"]
[PlyCount "0"]
[EventDate "2023.07.24"]
[EventRounds "6"]
[EventCountry "ENG"]

1. e4 d5 2. exd5 Qxd5 3. Nc3 Qd6 4. d4 c6 5. g3 Nf6 6. Bg2 e5 7. dxe5 Qxe5+ 8. Nge2
Bb4 9. O-O O-O 10. Bf4 Qh5 11. a3 Bc5 12. Bxb8 Rxb8 13. Nf4 Qxd1 14. Raxd1 Bg4 15.
Rd2 Rbd8 16. Nd3 a6 17. h3 Bh5 18. g4 Bg6 19. Rfd1 Bxd3 20. Rxd3 Rxd3 21. Rxd3 Re8
 1/2-1/2

[Event "British Chess Championships 2023: AM Tournament U1900"]
[Site "The Venue, De Montfort University, 20 Western Boulevard, Leicester, LE2 7BU"]
[Date "2023.07.26"]
[Round "3"]
[Board "11"]
[White "Watson, Simon"]
[Black "Shaddick, John"]
[Result "1/2-1/2"]
[WhiteElo "1835"]
[BlackElo "1637"]
[PlyCount "0"]
[EventDate "2023.07.24"]
[EventRounds "6"]
[EventCountry "ENG"]

1. e4 e6 2. d4 d5 3. Nc3 Nf6 4. Bg5 Bb4 5. e5 h6 6. Bd2 Bxc3 7. bxc3 Ne4 8. Bd3 Nxd2
9. Qxd2 c5 10. Bb5+ Bd7 11. Bxd7+ Nxd7 12. Ne2 c4 13. O-O Rc8 14. f4 f5 15. exf6
Nxf6 16. Qe3 Rc6 17. Rab1 Qc7 18. Ng3 O-O 19. Qc1 b6 20. Qe3 Qc8 21. h3 Re8 22. Qe5
Qc7 23. Rfe1 Qxe5 24. Rxe5 Nd7 25. Re3 Nf6 26. Re5  1/2-1/2